Ehren = Rede so an dem glorreichen Fest=tag der Heiligen Jungfrauen, und Blut=Zeugin Ursulä, ...

Bibliographic Details
Format: Book
Language:English
PhysicalDescription:[37] s.
Published: Pretzburg Johann Michael Landerer 1755

MARC

LEADER 00000nam a2200000 a 4500
001 vtls009478846
003 SK-MaSNL
005 20260223184256.0
008 090302 000 0 eng
040 |a SNK  |b slo  |c SNK  |e AACR2 
245 1 |a Ehren = Rede so an dem glorreichen Fest=tag der Heiligen Jungfrauen, und Blut=Zeugin Ursulä, ... 
260 |a Pretzburg  |b Johann Michael Landerer  |c 1755 
300 |a [37] s. 
999 |c 657606  |d 659536 
952 |a SNK  |b SNK  |y PREZ  |7 0  |p 17A0611228  |o snkSD 17000  |i snk2607/59  |3 rekatalogizácia  |0 0  |1 0  |4 0  |d 2009-03-02  |l 0  |r 2025-12-01 00:00:00  |w 2026-02-23